00371nam a2200133Ia 4500003000400000005001700004008004100021040001800062082001800080100002200098245007900120260002900199300000900228OSt20200606120035.0190216s9999||||xx |||||||||||||| ||und|| cMESKC library a891.43bSHA/B aSharma, Savithri  0aBhagavathicharan Varma Ke Upanyas Upalabith Aur Simayen /cSavithri Sharma bGround Nikethan,aPatna: a163p